| 000 | 00691nam a2200229Ia 4500 | ||
|---|---|---|---|
| 003 | LC | ||
| 005 | 20160926105718.0 | ||
| 008 | 140512s9999 xx 000 0 und d | ||
| 020 | _a9780198392118 | ||
| 050 |
_aQH 315 _b.Al435 2014 |
||
| 100 | _aAllott, Andrew | ||
| 245 |
_aBiology : _bcourse companion _cAndrew Allott |
||
| 250 | _a2014 edition. | ||
| 260 |
_aNew York : _bOxford University Press, _cc2014. |
||
| 300 |
_a719 p. : _bcol. Ill. ; _c28 cm. |
||
| 500 | _aIncludes index. | ||
| 650 |
_aBiology _xExaminations, questions, etc. |
||
| 650 |
_aBiology _xStudy and teaching (higher) |
||
| 650 |
_aInternationa baccalaureate _xStude guides |
||
| 942 |
_cBK _2lcc |
||
| 999 |
_c116685 _d116685 |
||